• 首页
  • 本馆介绍
  • 公告通知
  • 最新文献
  • 馆藏检索
  • 电子资源
  • 读者导购
  • 参考咨询
  • 我的图书馆
  • 登录
  • 详细信息显示
  • 放入我的书架
  • 预约/预借图书
  • 作者相关作品
  • 分类相关作品
  • 丛书相关作品
  • 出版社相关作品

书目信息

  • 表格格式
  • 工作单格式
  • 卡片格式
题名:
原初智慧形态
    
 
作者: 李咏吟
分册:  
出版信息: 上海   上海人民出版社  1999
页数: 498页
开本: 20cm
丛书名:
单 册:
中图分类: B502.23
科图分类:
主题词: 哲学--欧洲
电子资源:
ISBN: 7-208-03293-9
000 00659nam0 2200193 450
001 0728815141
005 20070819080015.14
010    @a7-208-03293-9@d¥30.00
100    @a20070819d km y0chiy0120 ea
101 0  @achi
200 1  @a原初智慧形态@Ayuan chu zhi hui xing tai@e希腊神学的两大话语系统及其历史转换@f李咏吟@Fli yong yin
210    @a上海@c上海人民出版社@d1999
215    @a498页@d20cm
517 1  @a希腊神学的两大话语系统及其历史转换@Axi la shen xue de liang da hua yu xi tong ji qi li shi zhuan huan
606 0  @a哲学@x欧洲
690    @aB502.23@v3
701  0 @a李咏吟@Ali yong yin
801  0 @aCN@bPFT@c20070819
905    @a213230@dB502.23@eZW224@f1
    
    原初智慧形态:希腊神学的两大话语系统及其历史转换/李咏吟.-上海:上海人民出版社,1999
    498页;20cm
    
    
    ISBN 7-208-03293-9:¥30.00
    
●
相关链接 在E读中查询图书 在五车中查询图书 在当当中查询图书 在豆瓣中查询图书


正题名:原初智慧形态     索取号:B502.23/ZW224         预约/预借

序号 登录号 条形码 馆藏地/架位号 状态 备注
1 7600361   276003619   密集书库-文学院/ [索取号:B502.23/ZW224] 在馆    
唐山师范学院图书馆 欢迎您!
大连网信软件有限公司© 版权所有